Online Catalogue and eLibrary

Mahawansaya ha sinhala jana jeewithaya (Record no. 5284)

MARC details
000 -LEADER
fixed length control field 00416nam a2200157Ia 4500
005 - DATE AND TIME OF LATEST TRANSACTION
control field 20250704032955.0
008 - FIXED-LENGTH DATA ELEMENTS--GENERAL INFORMATION
fixed length control field 240331s9999 xx 000 0 und d
020 ## - INTERNATIONAL STANDARD BOOK NUMBER
ISBN 9559538616
082 ## - DDC Classification
Item Number - Author Mark WET
Class No. 954
100 ## - MAIN ENTRY--PERSONAL NAME
Personal name Weththamuni,W
245 #0 - TITLE STATEMENT
Title Mahawansaya ha sinhala jana jeewithaya
260 ## - PUBLICATION, DISTRIBUTION, ETC.
Place of publication, distribution, etc. Kelaniya
Name of publisher, distributor, etc. Sheela Printings
Date of publication, distribution, etc. 1998
300 ## - PHYSICAL DESCRIPTION
Extent (e.g. Volumes, Pages etc.) 248 p .,
500 ## - GENERAL NOTE
General note The Mahavamsa and Sinhala Folk life
942 ## - Koha item type (Biblio)
Koha item type Books in Stacks (Lending)
Holdings
Lost status Damaged status Collection code Home library Current library Shelving location Date acquired Full call number Accession Number Item type
    Lending WERC Library WERC Library Social Science Cupboard 03/31/2024 954.93 WET 2836 Books in Stacks (Lending)

© WERC Library